Most used currencies in world - Statistics

General Stats
  • This quiz has been taken 76 times
    49 since last reset
  • The average score is 13 of 15
Answer Stats
Code Answer % Correct
2. EUR Euro
100%
3. JPY Japanese yen
100%
1. USD United States Dollar
100%
5. AUD Australian Dollar
98%
4. GBP Pound Sterling
98%
7. CAD Canadian Dollar
93%
10. NZD New Zealand Dollar
88%
13. HKD Hong Kong Dollar
86%
8. MXN Mexican Peso
81%
15. SGD Singapore Dollar
81%
12. RUB Russian Ruble
77%
9. CNY Chinese Yuan
72%
6. CHF Swiss Franc
67%
14. NOK Norwegian Krone
60%
11. SEK Swedish Krona
49%
No matching quizzes found
Score Distribution
Percent of People with Each Score
Percentile by Number Answered
Your Score History
You have not taken this quiz since the last reset